| 000 | 00472nam a2200157 i 4500 | ||
|---|---|---|---|
| 001 | 74121 | ||
| 003 | ES-MaACL | ||
| 005 | 20230906172026.0 | ||
| 007 | t| | ||
| 008 | 040915s1915 sp ||||1| spa d | ||
| 100 | 1 |
_aGonzález Díaz, Francisco. _958598 |
|
| 245 | 1 | 0 |
_aSiluetas de animales _b: (definiciones humorísticas] / _cFrancisco González Díaz. |
| 260 |
_aLas Palmas : _b[s.n., _c1915] ( _fTip. Diario) |
||
| 300 |
_a152 p. ; _c20 cm. |
||
| 852 |
_aES-MaACL _jF-5118 |
||
| 999 |
_c74121 _d74121 |
||